[Event "Titled Tue 24th Jun Late"]
[Site "chess.com INT"]
[Date "2025.06.24"]
[Round "6"]
[White "Ghimoyan, Narek"]
[Black "Mkrtchyan, Mariam"]
[Result "0-1"]
[WhiteTitle "CM"]
[BlackTitle "WIM"]
[WhiteElo "2273"]
[BlackElo "2307"]
[WhiteFideId "13315412"]
[BlackFideId "13310828"]
[EventDate "2025.06.24"]

1. d4 d6 2. Nf3 g6 3. g3 Bg7 4. Bg2 Nd7 5. O-O e5 6. c4 Ne7 7. Nc3 O-O 8. e4
exd4 9. Nxd4 Nc6 10. Be3 Nde5 11. b3 Ng4 12. Rc1 Nxe3 13. fxe3 Ne5 14. h3 Qg5
15. Kh2 c6 16. Qe2 h5 17. Nf3 Nxf3+ 18. Qxf3 Be5 19. Ne2 h4 20. Nf4 hxg3+ 21.
Kh1 Bd7 22. Rcd1 Rad8 23. Nd3 Kg7 24. Nxe5 dxe5 25. c5 Be6 26. Rd6 Rde8 27. Kg1
Re7 28. Rfd1 Rh8 29. Rd8 Ree8 30. Rxe8 Rxe8 31. Rd6 Rh8 32. a4 a6 33. b4 Qh4 34.
b5 axb5 35. axb5 cxb5 36. Rb6 Bxh3 37. Rxb7 Be6 38. Kf1 Rd8 39. Ke1 Qh5 40. Rxb5
Qxf3 41. Bxf3 Bh3 42. Rb2 Rc8 43. Rc2 Rc6 44. Ke2 Kf8 45. Kd3 Ke7 46. Kc4 Kd7
47. Kb5 Kc7 48. Ra2 Rf6 0-1

[Event "Titled Tue 24th Jun Late"]
[Site "chess.com INT"]
[Date "2025.06.24"]
[Round "6"]
[White "Gallo Garcia, Kemel Antonio"]
[Black "Fiorito, Fabian"]
[Result "1-0"]
[WhiteTitle "FM"]
[BlackTitle "IM"]
[WhiteElo "2362"]
[BlackElo "2274"]
[WhiteFideId "3523896"]
[BlackFideId "100200"]
[EventDate "2025.06.24"]

1. d4 Nf6 2. c4 g6 3. Nc3 Bg7 4. e4 d6 5. Nf3 O-O 6. h3 c6 7. Be2 a6 8. O-O b5
9. e5 Nfd7 10. Bf4 Nb6 11. exd6 exd6 12. c5 dxc5 13. dxc5 Nd5 14. Nxd5 cxd5 15.
Bd6 Bxb2 16. Qxd5 Ra7 17. Rad1 Be6 18. Qd2 Bg7 19. Bxf8 Qxf8 20. Nd4 Bd7 21. Bg4
Qxc5 22. Nb3 Qf8 23. Qe3 Bxg4 24. Qxa7 Bxd1 25. Rxd1 Nc6 26. Qc7 Qe8 27. Rc1 Nb4
28. Qb7 Bc3 29. a3 Nd3 30. Rf1 Qe5 31. Qd7 Nf4 32. Nc1 Qg5 33. Qg4 Qe5 34. Qf3
Bd4 35. h4 h5 36. g3 Ne6 37. Nd3 Qd6 38. Nf4 Nc5 39. Rd1 Qe5 40. Nd3 Nxd3 41.
Qxd3 Bc5 42. Kg2 Kg7 43. Qd5 Qe7 44. Qf3 Bxa3 45. Ra1 Bc5 46. Rxa6 b4 47. Rc6 b3
48. Qc3+ 1-0

[Event "Titled Tue 24th Jun Late"]
[Site "chess.com INT"]
[Date "2025.06.24"]
[Round "6"]
[White "Vazelakis, Dimitrios"]
[Black "Milare, Tyron"]
[Result "0-1"]
[BlackTitle "FM"]
[WhiteElo "1857"]
[BlackElo "2248"]
[WhiteFideId "4203674"]
[BlackFideId "12987018"]
[EventDate "2025.06.24"]

1. d4 Nf6 2. Nf3 c6 3. g3 d5 4. Bg2 Bf5 5. O-O h5 6. c4 dxc4 7. Ne5 h4 8. Nc3
Nbd7 9. Nxc4 Nb6 10. Ne5 Qd6 11. e4 h3 12. Bh1 Be6 13. Nxf7 Kxf7 14. e5 Qb4 15.
exf6 Rd8 16. fxe7 Bxe7 17. Ne4 Rxd4 18. Qf3+ Ke8 19. Ng5 Bd5 20. Qf5 Qd6 21. Bf4
Rxf4 22. Qxf4 Qxf4 23. gxf4 Bc4 24. Rfe1 Kd7 25. Rad1+ Nd5 26. Nf7 Rh4 27. Ne5+
Kc7 28. Nxc4 Bb4 29. Re4 Rg4+ 30. Kf1 b5 31. Ne5 Rh4 32. Nf3 Rh6 33. Ng5 Bd6 34.
f5 Rh5 35. Ne6+ Kb7 36. Rg4 Bxh2 37. Rxg7+ Kb6 38. Bxd5 Bd6 39. Kg1 Be5 40. Rg6
cxd5 41. Nd4+ Kc5 42. Nf3 Rxf5 43. Nxe5 Rxe5 44. Kh2 Re2 45. Rf1 Rxb2 46. Kxh3
Rxa2 47. f4 b4 48. f5 b3 49. f6 b2 50. f7 Ra3+ 51. Kg2 Ra2 52. f8=Q+ Kd4 53.
Qf4+ Kc3 54. Rf3+ Kc2 55. Rf2+ Kb3 0-1

[Event "Titled Tue 24th Jun Late"]
[Site "chess.com INT"]
[Date "2025.06.24"]
[Round "6"]
[White "Amaya, Brayan Angel"]
[Black "Volodin, Alexandr E."]
[Result "0-1"]
[BlackTitle "FM"]
[WhiteElo "1903"]
[BlackElo "2344"]
[WhiteFideId "39909646"]
[BlackFideId "34268871"]
[EventDate "2025.06.24"]

1. Nf3 d5 2. e3 Nf6 3. c4 e6 4. b3 Be7 5. Bb2 b6 6. cxd5 exd5 7. Bb5+ Bd7 8. Be2
O-O 9. O-O a5 10. Nc3 Bc6 11. Rc1 Bb7 12. d4 Nbd7 13. Qc2 Rc8 14. Qb1 c6 15.
Rfd1 Bd6 16. Bd3 Qe7 17. e4 dxe4 18. Nxe4 Nxe4 19. Bxe4 Nf6 20. Bf5 Rcd8 21. Re1
Qc7 22. d5 Nxd5 23. Bxh7+ Kh8 24. Qf5 f6 25. Re4 Bf4 26. Bg6 Bh6 27. Rce1 Bc8
28. Qh5 Nf4 29. Rxf4 Qxf4 30. h3 Rd5 31. Bc1 Qxc1 32. Rxc1 Rxh5 33. Rxc6 Rd5 34.
Rxb6 Bf5 35. Nh4 Bd7 36. Be4 Rd1+ 37. Kh2 Kg8 38. Ng6 Re8 39. Bf3 Rd2 40. Rb7
Bf5 41. Ne7+ Rxe7 42. Rxe7 Bf4+ 43. Kg1 Rxa2 44. g3 Be5 45. Bd5+ Kh7 46. g4 Bg6
47. h4 Bd4 48. h5 Bb1 49. g5 fxg5 50. Kg2 Rxf2+ 51. Kg3 Rf6 52. Re8 Bf2+ 53. Kg2
Bh4 54. Bg8+ Kh6 55. Bd5 Kxh5 56. Bf3+ Kg6 0-1

[Event "Titled Tue 24th Jun Late"]
[Site "chess.com INT"]
[Date "2025.06.24"]
[Round "6"]
[White "Akbarinia, Sayed Arash"]
[Black "Yang, Larry"]
[Result "1-0"]
[WhiteTitle "FM"]
[WhiteElo "2372"]
[BlackElo "2017"]
[WhiteFideId "12501468"]
[BlackFideId "2637618"]
[EventDate "2025.06.24"]

1. Nf3 Nf6 2. c4 g6 3. g3 Bg7 4. Bg2 O-O 5. O-O d5 6. d4 dxc4 7. Qa4 Nc6 8. Qxc4
Be6 9. Qd3 Bf5 10. Qd1 Nd5 11. a3 Be4 12. Nc3 Nxc3 13. bxc3 e5 14. e3 exd4 15.
cxd4 Qd5 16. Ne1 Bxg2 17. Nxg2 Na5 18. Nf4 Qb5 19. Bd2 Nc4 20. Rb1 Qa6 21. Bb4
Rfd8 22. Qb3 c6 23. a4 Nb6 24. Ra1 Nd5 25. Nxd5 Rxd5 26. Rab1 Rad8 27. Rfc1 R5d7
28. Rc2 h5 29. h4 Rd5 30. Bc5 b6 31. Be7 R8d7 32. Rxc6 Qb7 33. Rbc1 Rf5 34. Bg5
Kh7 35. Bf4 Ra5 36. Rc7 Qd5 37. Qxd5 Raxd5 38. Kf1 Bf8 39. Ke2 Kg7 40. Be5+ f6
41. e4 fxe5 42. exd5 Rxc7 43. Rxc7+ Kf6 44. Kd3 exd4 45. Kxd4 Bd6 46. Rxa7 Bc5+
47. Ke4 Bxf2 48. d6 Ke6 49. d7 Ke7 50. Kf3 Bd4 51. Rb7 Bc5 52. Kf4 Bf2 53. Kg5
Bxg3 54. Rxb6 Kxd7 55. Rxg6 Bf2 56. Kxh5 Kc7 57. Kg4 Kb7 58. h5 Be1 59. h6 Ba5
60. h7 Bc7 61. h8=Q Ka7 62. Qd4+ Kb7 63. Rg7 Kb8 64. Qb4+ Ka8 65. Qc5 Bb6 66.
Qc6+ Kb8 67. Qb7# 1-0

[Event "Titled Tue 24th Jun Late"]
[Site "chess.com INT"]
[Date "2025.06.24"]
[Round "6"]
[White "Donoso Aguirre, Maximiliano"]
[Black "Bazan Romero, Octavio Aaron"]
[Result "1-0"]
[WhiteTitle "CM"]
[BlackTitle "FM"]
[WhiteElo "2050"]
[BlackElo "2289"]
[WhiteFideId "3458920"]
[BlackFideId "20003943"]
[EventDate "2025.06.24"]

1. e4 Nc6 2. Nf3 d5 3. exd5 Qxd5 4. Nc3 Qd6 5. d4 Bg4 6. Be3 O-O-O 7. Ne4 Qb4+
8. c3 Qxb2 9. Be2 Nf6 10. Nxf6 exf6 11. O-O Qxc3 12. Qa4 Qa5 13. Qc2 Bf5 14. Qb2
Ba3 15. Qb3 Qb4 16. Qxf7 Qe7 17. Qb3 Be6 18. Qc3 Qb4 19. Qd3 Ne5 20. Nxe5 fxe5
21. Qe4 Bd5 22. Qxe5 Rhe8 23. Qf5+ Be6 24. Qd3 Qa5 25. Bf3 c6 26. Bf4 Bd6 27.
Bxd6 Rxd6 28. Qxh7 Rxd4 29. Qxg7 Rd7 30. Qh6 Bf5 31. Qf4 Rg7 32. Rac1 Reg8 33.
Rfe1 Bd7 34. a4 Qc7 35. Qxc7+ Kxc7 36. g3 Rf7 37. Bd5 Rff8 38. Bxg8 Rxg8 39. Re7
Kd6 40. Rh7 Bg4 41. h4 b6 42. Rxa7 Re8 43. Rg7 Bf3 44. Rg6+ Kc7 45. Rf6 Bd5 46.
Rf4 Re2 47. Rd4 Kd6 48. Rb4 Ke5 49. Rxb6 Kf5 50. Rbxc6 Bf3 51. R6c5+ Kg4 52.
R5c4+ Kh3 53. Rf4 Bd5 54. h5 Bg8 55. Rh4# 1-0

[Event "Titled Tue 24th Jun Late"]
[Site "chess.com INT"]
[Date "2025.06.24"]
[Round "6"]
[White "Ferrara, Enzo"]
[Black "Burovic, Rijad"]
[Result "0-1"]
[BlackTitle "IM"]
[WhiteElo "2138"]
[BlackElo "2420"]
[WhiteFideId "137731"]
[BlackFideId "14407701"]
[EventDate "2025.06.24"]

1. d4 g6 2. c4 Bg7 3. Nc3 d6 4. e4 e5 5. d5 a5 6. Be3 Bh6 7. Bxh6 Nxh6 8. Qd2
Ng8 9. h4 h6 10. O-O-O Na6 11. f4 exf4 12. Qxf4 Qf6 13. Qe3 Qe7 14. Nf3 Nf6 15.
Re1 Ng4 16. Qf4 f6 17. h5 g5 18. Qd2 Nc5 19. Nd4 O-O 20. Be2 Ne5 21. Rhf1 Bd7
22. Nf3 Rae8 23. Qd4 f5 24. Nxe5 Qxe5 25. Qxe5 Rxe5 26. exf5 Bxf5 27. Kd2 Kg7
28. g4 Bh7 29. Rxf8 Kxf8 30. Rf1+ Ke7 31. Nb5 c6 32. dxc6 bxc6 33. Nd4 Be4 34.
Bf3 Ne6 35. Nxc6+ Bxc6 36. Bxc6 Rc5 37. Bd5 Nf4 38. Bg8 Kf6 39. b3 Kg7 40. Rxf4
gxf4 41. Bd5 Kf6 42. Ke2 Kg5 43. Kf3 Rc7 44. Be4 Re7 45. a3 Ra7 46. Bd5 Ra6 47.
b4 axb4 48. axb4 Ra3+ 49. Ke4 f3 50. Kd4 f2 51. Bg2 Rg3 52. Bf1 Rg1 53. Be2 Re1
54. Bd3 Rd1 55. Ke3 Rxd3+ 56. Kxf2 Rc3 0-1

[Event "Titled Tue 24th Jun Late"]
[Site "chess.com INT"]
[Date "2025.06.24"]
[Round "6"]
[White "Reshetnikov, Alexey"]
[Black "Eswaran, Ashritha"]
[Result "1-0"]
[WhiteTitle "IM"]
[BlackTitle "FM"]
[WhiteElo "2492"]
[BlackElo "2236"]
[WhiteFideId "4162080"]
[BlackFideId "2080788"]
[EventDate "2025.06.24"]

1. d4 Nf6 2. c4 e6 3. Nc3 Bb4 4. e3 O-O 5. Nf3 d5 6. Bd2 a6 7. a3 Bxc3 8. Bxc3
Nbd7 9. Rc1 dxc4 10. Bxc4 b5 11. Ba2 Bb7 12. O-O Ne4 13. Bb4 Re8 14. Nd2 Nxd2
15. Qxd2 Nf6 16. f3 Bd5 17. Bb1 Bc4 18. Rfd1 Bb3 19. Re1 Bc4 20. e4 e5 21. dxe5
Qxd2 22. Bxd2 Rxe5 23. Bf4 Re7 24. Red1 Rc8 25. Bd3 Bxd3 26. Rxd3 c5 27. b3 h6
28. Rdc3 Nd7 29. Bd6 Re6 30. Bxc5 Nxc5 31. Rxc5 Rd8 32. Rc8 Rd6 33. Rxd8+ Rxd8
34. Rc3 Rd2 35. b4 Ra2 36. h4 h5 37. Kh2 g6 38. Kh3 Kg7 39. Kg3 Kh7 40. Kf4 Kg7
41. g3 Kh7 42. Ke5 Kg7 43. Kd5 Rg2 44. f4 Re2 45. e5 Kf8 46. Kc6 f6 47. exf6
Re6+ 48. Kb7 Rxf6 49. Rc6 Rf5 50. Kxa6 Kf7 51. Rc5 Rf6+ 52. Kxb5 Rd6 53. Rc3
Rd5+ 54. Kc4 Rd1 55. a4 Ra1 56. a5 Ke6 57. Rb3 Kf5 58. b5 Kg4 59. b6 Rxa5 60. b7
Ra4+ 61. Rb4 Ra1 62. b8=Q Rc1+ 63. Kb5 Kxg3 64. Qe5 Kg4 65. Qe2+ Kxh4 66. f5+
Kh3 67. Qe3+ Kg2 68. Rb2+ Kf1 69. Qxc1# 1-0

[Event "Titled Tue 24th Jun Late"]
[Site "chess.com INT"]
[Date "2025.06.24"]
[Round "6"]
[White "Vasquez Schroeder, Rodrigo"]
[Black "Smirnov, Alexandr A."]
[Result "1-0"]
[WhiteTitle "GM"]
[BlackTitle "FM"]
[WhiteElo "2446"]
[BlackElo "2136"]
[WhiteFideId "3400042"]
[BlackFideId "24104396"]
[EventDate "2025.06.24"]

1. e4 d5 2. exd5 Qxd5 3. Nc3 Qd6 4. d4 Nf6 5. Nf3 a6 6. Ne5 Nc6 7. Nxc6 Qxc6 8.
Bf4 Bf5 9. d5 Qd7 10. Qd4 e6 11. O-O-O exd5 12. Qe5+ Be6 13. Qxc7 Qxc7 14. Bxc7
Bc5 15. f3 O-O 16. Be5 Rfd8 17. Bd4 Rac8 18. Bxc5 Rxc5 19. Ne2 Nd7 20. Nd4 Ne5
21. Bd3 Rc7 22. Rhe1 Nxd3+ 23. Rxd3 Rd6 24. Rde3 Rd8 25. Nxe6 fxe6 26. Rxe6 Kf7
27. R6e3 Rdc8 28. R1e2 b5 29. Rd3 Rc5 30. a3 a5 31. b3 Kf6 32. Kb2 h5 33. h4 g6
34. Rd4 R8c7 35. g4 hxg4 36. fxg4 Rc8 37. Rf4+ Kg7 38. Re7+ Kg8 39. Rf2 R8c6 40.
Ra7 b4 41. axb4 axb4 42. Rb7 d4 43. Rxb4 d3 44. cxd3 Re5 45. Rc4 Rd6 46. Kc3 Re3
47. Rd4 Rc6+ 48. Rc4 Rd6 49. Rd2 Rh3 50. g5 Kf7 51. b4 Ke6 52. Re4+ Kd7 53. Kc4
Kc6 54. d4 Kb6 55. d5 Rh1 56. Re6 Rc1+ 57. Kd4 Kc7 58. Rd3 Rb1 59. Kc5 Rd8 60.
Re7+ Kb8 61. d6 Rc1+ 62. Kb6 Rdc8 63. Rb7+ Ka8 64. b5 R8c6+ 65. bxc6 Rxc6+ 66.
Kb5 Kxb7 67. d7 Rb6+ 68. Ka4 Ra6+ 69. Kb3 Rb6+ 70. Kc2 Rc6+ 71. Kd1 Rd6 72. Rxd6 1-0

[Event "Titled Tue 24th Jun Late"]
[Site "chess.com INT"]
[Date "2025.06.24"]
[Round "6"]
[White "Soza de la Carrera, Jose"]
[Black "Mammadov, Sadig"]
[Result "0-1"]
[WhiteTitle "CM"]
[BlackTitle "IM"]
[WhiteElo "2221"]
[BlackElo "2395"]
[WhiteFideId "3401278"]
[BlackFideId "13408712"]
[EventDate "2025.06.24"]

1. d4 d5 2. c4 c6 3. Nf3 Nf6 4. Nbd2 e6 5. e3 Nbd7 6. b3 Bd6 7. Bb2 O-O 8. Bd3
Re8 9. Ne5 c5 10. f4 cxd4 11. exd4 b6 12. O-O Bb7 13. Qe2 Rc8 14. Rad1 Qc7 15.
Qf2 Nf8 16. Ndf3 Ne4 17. Qh4 f6 18. Ng4 Bxf4 19. g3 Ng6 20. Qh5 Bxg3 21. hxg3
Qxg3+ 22. Kh1 dxc4 23. bxc4 Ng5 24. Nh2 Nf4 25. Qg4 Bxf3+ 26. Rxf3 Qxg4 27. Nxg4
Nxf3 28. Bf1 h5 29. Ne3 Red8 30. d5 exd5 31. Nxd5 Nxd5 32. cxd5 Rc2 33. Bg2 Rxb2
34. Bxf3 Rd6 35. Bxh5 Rxa2 36. Bg4 Ra3 37. Rc1 Kh7 38. Bf5+ g6 39. Rc7+ Kh6 40.
Be6 b5 41. Rb7 a6 42. Kg2 b4 43. Rxb4 Re3 44. Rb7 Rexe6 45. dxe6 Rxe6 46. Kf3
Re5 47. Rb6 Rf5+ 48. Ke4 a5 49. Ra6 Kg5 50. Ra8 a4 51. Ke3 Re5+ 52. Kf3 Rf5+ 53.
Ke3 Rf4 54. Ra5+ f5 55. Ra8 Kg4 56. Ke2 g5 57. Rb8 a3 58. Rb1 Ra4 59. Rg1+ Kf4
60. Rf1+ Ke4 61. Kd2 a2 62. Ra1 g4 63. Kc3 g3 64. Kb3 Ra8 65. Re1+ Kf3 66. Rf1+
Kg4 67. Ra1 f4 68. Kc3 f3 69. Kd3 g2 70. Ke3 Kg3 71. Rxa2 Rxa2 0-1

[Event "Titled Tue 24th Jun Late"]
[Site "chess.com INT"]
[Date "2025.06.24"]
[Round "6"]
[White "Gomes, Luiz Alexandre de Souza"]
[Black "Jagirapu, Harshin Reddy"]
[Result "0-1"]
[WhiteTitle "FM"]
[WhiteElo "2254"]
[BlackElo "2042"]
[WhiteFideId "2102790"]
[BlackFideId "39910679"]
[EventDate "2025.06.24"]

1. e4 e5 2. Nf3 Nc6 3. Bb5 a6 4. Ba4 Nf6 5. O-O b5 6. Bb3 Bc5 7. d3 d6 8. c3 h6
9. Be3 Bxe3 10. fxe3 O-O 11. Nbd2 Na5 12. Bc2 c5 13. Qe1 Be6 14. Nh4 g6 15. h3
Kg7 16. Qf2 Nh5 17. a4 b4 18. cxb4 cxb4 19. Rac1 Qg5 20. Nhf3 Qg3 21. d4 Rac8
22. Bd3 exd4 23. exd4 Qxf2+ 24. Kxf2 Nf4 25. Bxa6 Ra8 26. Bb5 Nb3 27. Nxb3 Bxb3
28. Ke3 Nxg2+ 29. Kf2 Nf4 30. Kg3 Ne6 31. Rc6 d5 32. exd5 Bxd5 33. Rd6 Bxf3 34.
Kxf3 Rfd8 35. Rxd8 Rxd8 36. Ke3 Nxd4 37. Bc4 f5 38. b3 Kf6 39. a5 Nc6 40. a6 g5
41. Ra1 f4+ 42. Ke2 Ke5 43. Kf3 Ra8 44. Kg4 Ra7 45. Kh5 f3 46. Kxh6 Kf4 47. Bb5
Nd4 48. Bc4 Nf5+ 49. Kg6 Ne3 50. Bb5 f2 51. Kf6 g4 52. hxg4 Kxg4 53. Ke6 Kf3 54.
Kd6 Nc2 55. Ra4 Nd4 56. Bc4 Ne2 57. Bxe2+ Kxe2 58. Ra2+ Ke1 59. Ra1+ Ke2 60.
Ra2+ Kf3 61. Ra1 Rxa6+ 62. Rxa6 f1=Q 63. Rb6 Qe1 64. Kc5 Qc3+ 65. Kb5 Qxb3 66.
Rc6 Qd5+ 67. Rc5 Qxc5+ 68. Kxc5 b3 0-1

[Event "Titled Tue 24th Jun Late"]
[Site "chess.com INT"]
[Date "2025.06.24"]
[Round "6"]
[White "Ohler, Julius"]
[Black "Mecit, Emre"]
[Result "1-0"]
[WhiteTitle "FM"]
[WhiteElo "2301"]
[BlackElo "2007"]
[WhiteFideId "16238982"]
[BlackFideId "6304214"]
[EventDate "2025.06.24"]

1. d4 Nf6 2. Bf4 g6 3. e3 Bg7 4. Nf3 d6 5. Bd3 Nbd7 6. Nbd2 O-O 7. c3 Re8 8. O-O
e5 9. Bg5 h6 10. Bxf6 Nxf6 11. dxe5 dxe5 12. Bc4 c6 13. a4 Qc7 14. a5 Bf5 15.
Qb3 Rad8 16. Rfd1 Bd3 17. Nf1 e4 18. Nd4 Bxc4 19. Qxc4 a6 20. h3 Rd5 21. Nb3
Red8 22. Rd4 Qe5 23. Rad1 Rxd4 24. cxd4 Qd5 25. Rc1 Qxc4 26. Rxc4 Nd5 27. Nfd2
f5 28. Nc5 Rb8 29. Ndb3 Bf8 30. Nd7 Rc8 31. Nbc5 Bxc5 32. Nxc5 Rc7 33. Ra4 Kf7
34. Ra3 f4 35. Nxe4 fxe3 36. fxe3 Re7 37. Nd6+ Ke6 38. Nc4 Kf5 39. Rb3 h5 40.
Kf2 g5 41. Nd6+ Ke6 42. Nxb7 Rf7+ 43. Ke2 g4 44. hxg4 hxg4 45. Nc5+ Kd6 46. Ne4+
Kc7 47. Rb7+ Kxb7 48. Nd6+ Kc7 49. Nxf7 c5 50. Ne5 g3 51. dxc5 Nf6 52. Kf3 Nd5
53. e4 Nf6 54. b4 Kb7 55. Nd3 Kc6 56. e5 Nd5 57. Kxg3 Kb5 58. e6 Kc4 59. Nf4 Ne7
60. c6 Nxc6 61. Ng6 Kxb4 62. e7 Nxe7 63. Nxe7 Kxa5 64. Kf4 Kb5 65. g4 a5 66. Nd5
Kc5 67. Ne3 a4 68. g5 a3 69. g6 a2 70. Nc2 Kc4 71. g7 Kc3 72. g8=Q Kxc2 73.
Qxa2+ 1-0

[Event "Titled Tue 24th Jun Late"]
[Site "chess.com INT"]
[Date "2025.06.24"]
[Round "6"]
[White "Murzin, Volodar"]
[Black "Caruana, Fabiano"]
[Result "0-1"]
[WhiteTitle "GM"]
[BlackTitle "GM"]
[WhiteElo "2666"]
[BlackElo "2777"]
[WhiteFideId "44155573"]
[BlackFideId "2020009"]
[EventDate "2025.06.24"]

1. d4 d5 2. Nf3 Nf6 3. Bf4 Bf5 4. e3 e6 5. Bd3 Bg6 6. Ne5 Nbd7 7. Nxg6 hxg6 8.
Nd2 Bd6 9. Bxd6 cxd6 10. c3 g5 11. Be2 g6 12. h3 Kf8 13. g3 Kg7 14. Kf1 Qe7 15.
Kg2 e5 16. Qb3 Qe6 17. Rh2 Rab8 18. Rah1 b5 19. Qb4 Rhc8 20. a3 Nb6 21. Bg4 Nxg4
22. hxg4 Nc4 23. Nf3 a5 24. Rh7+ Kf6 25. Qb3 Qxg4 26. Qc2 Qe4 27. Qxe4 dxe4 28.
Nh2 exd4 29. cxd4 Ke6 30. Ng4 Nb6 31. Nh6 Rc7 32. b3 Nd5 33. Ng4 a4 34. bxa4
bxa4 35. R1h6 Rb2 36. Rg7 Ra2 37. Rh8 Rxa3 38. Re8+ Kd7 39. Ra8 Kc6 40. Ra5 Ra2
41. Rg8 Nb4 42. Rga8 Nd3 43. Rxa4 Rxa4 44. Rxa4 Rb7 45. Nf6 d5 46. Ra6+ Kb5 47.
Ra2 Nb4 48. Rb2 Kc4 49. Rb1 Ra7 50. Ng4 Kc3 51. Ne5 Ra2 52. Rc1+ Kb3 53. Rb1+
Kc3 54. Nxf7 Nd3 55. Rf1 Kd2 56. Nxg5 Ke2 57. Nh3 Ne1+ 58. Kg1 Ra1 59. Ng5 Nf3+ 0-1

[Event "Titled Tue 24th Jun Late"]
[Site "chess.com INT"]
[Date "2025.06.24"]
[Round "6"]
[White "Gorbenko, Rustem"]
[Black "Garcia Hernandez, Rebeca"]
[Result "0-1"]
[WhiteTitle "CM"]
[BlackTitle "WCM"]
[WhiteElo "2201"]
[BlackElo "1904"]
[WhiteFideId "14111438"]
[BlackFideId "5180872"]
[EventDate "2025.06.24"]

1. d4 d5 2. c4 c6 3. Nc3 Nf6 4. Nf3 g6 5. cxd5 Nxd5 6. e4 Nxc3 7. bxc3 Bg7 8.
Be2 O-O 9. O-O c5 10. Be3 Nc6 11. d5 Nb8 12. Bxc5 Bxc3 13. Rc1 Bg7 14. Qb3 Nd7
15. Bd4 Nf6 16. Bxf6 Bxf6 17. e5 Bg7 18. Rfd1 b6 19. d6 exd6 20. exd6 Be6 21.
Bc4 Bxc4 22. Qxc4 Rc8 23. Qd5 Qd7 24. Ne5 Bxe5 25. Qxe5 Rxc1 26. Rxc1 Re8 27.
Qd4 Rd8 28. Rd1 Qe6 29. h3 Rd7 30. a4 h5 31. Kh2 Kh7 32. g3 Kg8 33. h4 Kh7 34.
Kg2 Kg8 35. Kg1 Kh7 36. Qd3 Kg8 37. Qa6 Rxd6 38. Rxd6 Qxd6 39. Qxa7 Qd1+ 40. Kg2
Qd5+ 41. Kh2 Qc5 42. Qa8+ Kg7 43. Qe4 Qxf2+ 44. Kh3 Qf1+ 45. Kh2 Qf2+ 46. Kh3
Qf5+ 47. Qxf5 gxf5 48. Kg2 Kf6 49. Kf3 Ke5 50. Ke3 f6 51. Kf3 f4 52. gxf4+ Kf5
53. Ke3 Kg4 54. Ke4 Kxh4 55. Kf5 Kg3 56. Kxf6 Kxf4 57. Ke6 h4 58. Kd6 h3 59. Kc6
h2 60. Kxb6 h1=Q 61. a5 Qb1+ 62. Ka7 Ke5 63. a6 Kd6 64. Ka8 Kc7 65. a7 Qb7# 0-1

[Event "Titled Tue 24th Jun Late"]
[Site "chess.com INT"]
[Date "2025.06.24"]
[Round "6"]
[White "Thorfinnsson, Bragi"]
[Black "Kukhmazov, Arsen"]
[Result "0-1"]
[WhiteTitle "GM"]
[BlackTitle "IM"]
[WhiteElo "2354"]
[BlackElo "2442"]
[WhiteFideId "2300958"]
[BlackFideId "24108260"]
[EventDate "2025.06.24"]

1. d4 d5 2. c4 c6 3. Nf3 Nf6 4. Nc3 dxc4 5. a4 Bf5 6. Ne5 Nbd7 7. Nxc4 Qc7 8. g3
e5 9. dxe5 Nxe5 10. Bf4 Nfd7 11. Bg2 g5 12. Ne3 gxf4 13. Nxf5 O-O-O 14. Qc1 Nc5
15. O-O f3 16. exf3 Nb3 17. Qe3 Nxa1 18. Rxa1 Kb8 19. a5 a6 20. f4 Nc4 21. Qe2
Nd6 22. Nd4 Bg7 23. Nb3 Rhe8 24. Qg4 f5 25. Qh5 Nc4 26. Nc5 Nxb2 27. Qf3 Nd3 28.
Nxd3 Bxc3 29. Rb1 Bxa5 30. h4 Bb6 31. Ne5 Ka7 32. h5 Bd4 33. Nc4 Re6 34. Qb3 Re2
35. Rf1 Rde8 36. Bf3 R2e7 37. Kg2 b5 38. Nd2 Qd6 39. Qc2 c5 40. Qxf5 c4 41. Ne4
Qb6 42. Ng5 h6 43. Ne4 c3 44. Qd5 Rd8 45. Qb3 b4 46. f5 Rc7 47. Rc1 a5 48. Rc2
Qb5 49. Ra2 Bb6 50. f6 Qc4 51. Qa4 b3 52. Qxc4 Rxc4 53. Re2 b2 54. Re1 c2 55.
Nd2 c1=Q 56. Re7+ Rc7 57. Ne4 Rxe7 58. fxe7 Re8 0-1

[Event "Titled Tue 24th Jun Late"]
[Site "chess.com INT"]
[Date "2025.06.24"]
[Round "6"]
[White "Sethuraman, Roshan"]
[Black "Tristan, Leonardo"]
[Result "0-1"]
[BlackTitle "GM"]
[WhiteElo "2074"]
[BlackElo "2536"]
[WhiteFideId "30965250"]
[BlackFideId "113816"]
[EventDate "2025.06.24"]

1. e4 d5 2. exd5 Qxd5 3. Nc3 Qa5 4. d4 Nf6 5. Nf3 Bf5 6. Bc4 e6 7. O-O Bb4 8.
Bd2 Nc6 9. a3 Bxc3 10. Bxc3 Qb6 11. b4 O-O 12. Bb2 Rad8 13. Qe2 Bg4 14. c3 Rfe8
15. h3 Bh5 16. Rad1 e5 17. dxe5 Nxe5 18. g4 Rxd1 19. Rxd1 Nexg4 20. Qd2 Nxf2 21.
Qxf2 Bxf3 22. Qxb6 axb6 23. Rd4 c6 24. Kf2 Bd5 25. Bd3 b5 26. Bc1 h6 27. c4 bxc4
28. Bxc4 Bxc4 29. Rxc4 Nd5 30. Rc5 Re6 31. b5 Nf6 32. Kf3 Nd7 33. Rc2 cxb5 34.
Rc7 Rc6 35. Rxd7 Rxc1 36. Rxb7 Rc3+ 37. Kg4 Rxa3 38. Rxb5 Ra7 39. h4 Kh7 40. h5
Re7 41. Kf5 Rc7 42. Ra5 g6+ 43. hxg6+ fxg6+ 44. Kf6 Rg7 45. Re5 g5 46. Kf5 h5
47. Ke4 Kh6 48. Kf3 Kg6 49. Ra5 Rf7+ 50. Kg3 Rf6 51. Ra8 h4+ 52. Kg4 Rf4+ 53.
Kh3 Rf3+ 54. Kg2 Rg3+ 55. Kh2 Kh5 56. Ra4 Rf3 57. Rb4 Rf4 58. Rb8 Rf2+ 59. Kg1
Rd2 60. Rh8+ Kg4 61. Ra8 h3 62. Ra4+ Kg3 63. Ra3+ Kh4 64. Ra4+ g4 65. Kh1 Kg5
66. Ra5+ Kh4 67. Ra4 Re2 68. Rb4 Kg5 69. Rb5+ Kf4 70. Rb8 g3 71. Rf8+ Ke3 72.
Re8+ Kf2 73. Rf8+ Ke1 74. Rf1+ Kd2 75. Rg1 Re1 0-1

[Event "Titled Tue 24th Jun Late"]
[Site "chess.com INT"]
[Date "2025.06.24"]
[Round "6"]
[White "Yushko, Olga"]
[Black "Shymanskyi, Oleksandr"]
[Result "1/2-1/2"]
[WhiteTitle "WFM"]
[BlackTitle "FM"]
[WhiteElo "2033"]
[BlackElo "2218"]
[WhiteFideId "14114500"]
[BlackFideId "14168880"]
[EventDate "2025.06.24"]

1. d4 Nf6 2. c4 e6 3. Nc3 Bb4 4. f3 b6 5. e4 Bxc3+ 6. bxc3 Nc6 7. Be3 Ba6 8. Bd3
Na5 9. c5 Bxd3 10. Qxd3 bxc5 11. dxc5 O-O 12. Ne2 e5 13. O-O h6 14. Rfd1 Qe7 15.
c4 Qe6 16. Rac1 Rab8 17. Bf2 Rb7 18. Qc3 Nc6 19. Qd3 Rfb8 20. Nc3 Na5 21. Nd5 c6
22. Ne3 Rb4 23. Be1 Ra4 24. Qc2 Ra3 25. Rb1 Rxb1 26. Rxb1 Rxe3 27. Bxa5 Nh5 28.
Kf2 Ra3 29. Bb4 Ra6 30. Rd1 Nf4 31. Rd6 Qe7 32. g3 Ne6 33. Qd2 Nd4 34. Bc3 Ne6
35. Rxd7 Qf8 36. Bxe5 Qxc5+ 37. Kg2 Qxe5 38. Re7 Qa5 39. Re8+ Kh7 40. Qd3 Qxa2+
41. Kh3 Ra3 42. Qd7 Ng5+ 43. Kg4 Qf2 44. Qf5+ g6 45. Qf6 Qxf3+ 46. Qxf3 Rxf3 47.
Re7 Kg7 48. Rxa7 Kf6 49. Rc7 h5+ 50. Kh4 Rf2 51. Rxc6+ Kg7 52. Kxg5 Rxh2 53. e5
Re2 54. Kf4 Rc2 55. c5 Rc4+ 56. Kf3 Kh6 57. Rc7 Kg5 58. Rxf7 Rxc5 59. e6 Re5 60.
e7 Re6 61. Kf2 Kg4 62. Rg7 g5 63. Rh7 Rf6+ 64. Kg2 Re6 65. Kf2 Re5 66. Kg2 Re2+
67. Kf1 Re6 68. Kf2 1/2-1/2